Μελέτη, σχεδίαση, αξιολόγηση συστήματος υποστήριξης εργασιών του τμήματος μεταγωγής του ΟΤΕ

Η εργασία αυτή πραγματεύεται τη βελτίωση και υποστήριξη των διαδικασιών ενός τμήματος του ΟΤΕ και παράλληλα την ανάγκη για εξομάλυνση της ροής εργασίας του τμήματος και τη βελτίωση των εργασιακών συνθηκών, καθώς αυτές είχαν διαταραχθεί έντονα μετά από μία σειρά αλλαγών. Είναι μια πρωτοβουλία ομάδας...

Πλήρης περιγραφή

Αποθηκεύτηκε σε:
Λεπτομέρειες βιβλιογραφικής εγγραφής
Κύριος συγγραφέας: Στειακάκης, Νικηφόρος
Συγγραφή απο Οργανισμό/Αρχή: Πανεπιστήμιο Αιγαίου. Τμήμα Μηχανικών Σχεδίασης Προϊόντων και Συστημάτων. Μεταπτυχιακό Πρόγραμμα Σπουδών στη Σχεδίαση Διαδραστικών και Βιομηχανικών Προϊόντων και Συστημάτων
Άλλοι συγγραφείς: Σπύρου, Θωμάς (dgs [Επιβλέπων καθηγητής])
Μορφή: Thesis Βιβλίο
Γλώσσα:Greek
Δημοσίευση: 2009.
Θέματα:
Διαθέσιμο Online:http://hdl.handle.net/11610/12800
Ετικέτες: Προσθήκη ετικέτας
Δεν υπάρχουν, Καταχωρήστε ετικέτα πρώτοι!

MARC

LEADER 00000cam a2200000 i 4500
001 1/65409
008 150129s2009 gr | ||| |||| ||gre||
035 |l 10120785 
040 |a GR-MyUa  |b gre  |e AACR2 
041 0 |a gre 
082 7 |a 621.382   |2 (22)  
100 1 |a Στειακάκης, Νικηφόρος. 
245 1 0 |a Μελέτη, σχεδίαση, αξιολόγηση συστήματος υποστήριξης εργασιών του τμήματος μεταγωγής του ΟΤΕ /   |c Νικηφόρος Στειακάκης ; επιβλέπων καθηγητής Θωμάς Σπύρου.  
260 |c 2009.  
300 |a 218 σ. :   |b εικ. ;   |c 30 εκ.  
502 |a Διατριβή (μεταπτυχιακή) - Πανεπιστήμιο Αιγαίου, Σύρος, 2009.  
504 |a Βιβλιογραφία: σ. [173]-176.  
520 8 |a Η εργασία αυτή πραγματεύεται τη βελτίωση και υποστήριξη των διαδικασιών ενός τμήματος του ΟΤΕ και παράλληλα την ανάγκη για εξομάλυνση της ροής εργασίας του τμήματος και τη βελτίωση των εργασιακών συνθηκών, καθώς αυτές είχαν διαταραχθεί έντονα μετά από μία σειρά αλλαγών. Είναι μια πρωτοβουλία ομάδας εργαζομένων του ΟΤΕ στα πλαίσια αυτο-οργάνωσης, ώστε να αναληφθεί κοινή δράση για βελτίωση. Κάνοντας χρήση δοκιμασμένων μεθοδολογιών όπως μεθοδολογία μαλακών συστημάτων, σχεδίαση γενικού πλαισίου, σχεδίαση της εμπειρίας του χρήστη, επέφερε κάποιες μικρές αλλά ουσιαστικές αλλαγές στη διαδικασία και σχεδίασε ένα πληροφοριακό σύστημα για την υποστήριξή της, το ICON (Information Communication Network). Επίσης παρήγαγε χρήσιμα συμπεράσματα για τις προβληματικές καταστάσεις που αντιμετωπίζει το τμήμα αλλά και αντίστοιχα τμήματα του οργανισμού και υποδεικνύει κατευθύνσεις και δράσεις για την αντιμετώπισή τους.  
650 0 |a Telecommunication. 
650 0 |a Management information systems. 
650 0 |a Dissertations, Academic  |z Greece. 
700 1 |a Σπύρου, Θωμάς,  |e dgs [Επιβλέπων καθηγητής] 
710 2 |a Πανεπιστήμιο Αιγαίου.   |b Τμήμα Μηχανικών Σχεδίασης Προϊόντων και Συστημάτων.   |b Μεταπτυχιακό Πρόγραμμα Σπουδών στη Σχεδίαση Διαδραστικών και Βιομηχανικών Προϊόντων και Συστημάτων. 
852 |a INST  |b SYROS  |c DIATR  |e 20150129  |h 621.382 ΣΤΕ  |p 005500012184  |q 005500012184  |t MTXE  |y 23 
852 |a INST  |b SYROS  |c DIATR  |e 20150129  |h 621.382 ΣΤΕ  |p 005500012185  |q 005500012185  |t MTXE  |y 23 
856 |u http://hdl.handle.net/11610/12800 
901 |a BIBL5-2015-1 
924 |a Στειακάκης  |b Νικηφόρος  |y Σύρος  |z 2009-12 
970 |a Κοντού  |b Παρασκευή  |z 29/01/2015